Πανεπιστημιακή φυσική : με σύγχρονη φυσική

Saved in:
Bibliographic Details
Main Author: Young, Hugh D.
Other Authors: Freedman, Roger A., Sears, Francis Weston, 1898-1975, Δρής, Εμμανουήλ Α. (Translator)
Format: Book
Language:Greek
English
Published: Αθήνα : Παπαζήσης, 2009.
Edition:2η έκδ.
Subjects:
Tags: Add Tag
No Tags, Be the first to tag this record!

MARC

LEADER 00000cam a2200000 i 4500
001 1/40420
008 140122s2009 gr | ||| |||| ||gre||
020 |a 9789600223378 (set) 
020 |a 9789600223385 (τ.Α) 
020 |a 9789600224733 (τ.Γ) 
035 |l 10116383 
040 |a GR-MyUA  |b gre  |e AACR2 
041 1 |a gre  |h eng 
082 0 |a 530  |2 (22) 
100 1 |a Young, Hugh D. 
245 1 0 |a Πανεπιστημιακή φυσική :   |b με σύγχρονη φυσική /   |c Hugh D. Young, Roger A. Freedman ; contributor author A. Lewis Ford ; μετάφραση - επιμέλεια Ε. Α. Δρης ...[κ.α.].  
246 3 3 |a Sears και Zemansky πανεπιστημιακή φυσική με σύγχρονη φυσική 
250 |a 2η έκδ.  
260 |a Αθήνα :   |b Παπαζήσης,   |c 2009.  
300 |a 3 τ. :   |b εικ., πίν. ;   |c 30 εκ.  
500 |a Η βιβλιοθήκη διαθέτει τον Α και τον Γ τόμο 
500 |a 11η αμερικανική έκδοση 
505 0 |a Τ. 1. Μηχανική - κύματα -- τ. 2. Ηλεκτρομαγνητικσμός - οπτική -- τ. 3. Θερμοδυναμική - σύγχρονη φυσική.  
650 0 0 |a Physics. 
700 1 |a Freedman, Roger A. 
700 1 |a Sears, Francis Weston,   |d 1898-1975. 
700 1 |a Δρής, Εμμανουήλ Α.  |e trl 
765 0 8 |i Μετάφραση του:   |t University physics :  
852 |a INST  |b LESVOS  |c EUDOXUS  |e 20140122  |h 530 YOU  |p 005100052658  |q 005100052658  |t EDX  |y 0  |z τ.Γ 
852 |a INST  |b LESVOS  |c EUDOXUS  |e 20140122  |h 530 YOU  |p 005100052659  |q 005100052659  |t EDX  |y 0  |z τ.Α 
852 |a INST  |b LESVOS  |c EUDOXUS  |e 20140122  |h 530 YOU  |p 005100052660  |q 005100052660  |t EDX  |y 0  |z τ.Α 
852 |a INST  |b LESVOS  |c EUDOXUS  |e 20140122  |h 530 YOU  |p 005100052658  |q 005100052658  |t EDX  |v τ.Γ:  |y 0  |z τ.Γ 
852 |a INST  |b LESVOS  |c EUDOXUS  |e 20140122  |h 530 YOU  |p 005100052659  |q 005100052659  |t EDX  |v τ.Α:  |y 0  |z τ.Α 
852 |a INST  |b LESVOS  |c EUDOXUS  |e 20140122  |h 530 YOU  |p 005100052660  |q 005100052660  |t EDX  |v τ.Α:  |y 0  |z τ.Α 
853 |a INST  |b LESVOS  |c EUDOXUS  |h 530 YOU 
901 |a BIBL1-2014-1 
909 |a Λ  |b 186507 
909 |a Λ  |b 186506 
909 |a Λ  |b 186505 
920 |a ΕΥΔΟΞΟΣ  |b ΠΑΡΑΓΓΕΛΙΑ  |y Λέσβος-ΤΕΘ  |z 2013-04 
970 |a ΤΖΑΦΕΡΗ  |b ΕΥΑΓΓΕΛΙΑ  |z 2014/01/22